Word Ladder: Murky Albuquerque Quiz Stats

 Plays Quiz Updated Oct 3, 2015

Challenge
Share
Tweet
Embed
Score 0/40 Timer 05:00
4 Plays Today
Hint 4-Letter Word % Correct
Center of the EarthCORE
95.5%
Locate a lost objectFIND
93.7%
What people used to do with phones*CALL*
93.3%
Not quietLOUD
93.1%
Smile broadlyGRIN
92.1%
___ BrockovichERIN
91.5%
Tend toCARE
91.3%
Ripped or moved rapidly*TORE*
90.1%
'A ____ is a terrible thing to waste'MIND
90.1%
Affectionate toward (with 'of')FOND
89.5%
Uses a + signADDS
89.5%
Linnaeus or ReinerCARL
89.2%
Helps outAIDS
89.2%
Clue(do) roomHALL
89.1%
SustenanceFOOD
88%
Goat offspringKIDS
87.2%
Gravel for a dump truckLOAD
86.1%
Love poemsODES
85.3%
Original 'Enterprise' captain*KIRK*
84.5%
Bettor's ratioODDS
84.3%
Hint 4-Letter Word % Correct
Righteous*GOOD*
84.1%
Large amount of lootHAUL
83.4%
Large bagTOTE
83.3%
Egg onGOAD
83.2%
Primary, like a water pipeMAIN
80.5%
Close the gap (with 'on')GAIN
79.7%
French blackcurrant liqueur cocktailsKIRS
79.2%
Baptism or pilgrimage, e.g.RITE
78.7%
Unthinking routineROTE
78.6%
Flirtatious young girlMINX
78.6%
Earth Band leader Manfred*MANN*
78.3%
Quick mealBITE
78%
Tailless catMANX
75.4%
ExtolLAUD
75%
____ of Tarsus (Paul the Apostle)*SAUL*
74.2%
NBA #1 draft bust Greg ____*ODEN*
72.1%
Allfather of Norse mythologyODIN
71.9%
Royal family of RiyadhSAUD
69.7%
Bosnian footballer DžekoEDIN
69.5%
Despised person or thing: ____ Noire*BÊTE*
56.4%

Today's Daily Dose

You're not logged in!

Compare scores with friends on all Sporcle quizzes.
Join for Free
OR
Log In

You Might Also Like...

Show Comments

Extras

Top Quizzes Today


Score Distribution

Your Account Isn't Verified!

In order to create a playlist on Sporcle, you need to verify the email address you used during registration. Go to your Sporcle Settings to finish the process.

Report this User

Report this user for behavior that violates our Community Guidelines.

Details: